Edgar Wright Actors - Sudden Death - Statistics

General Stats
  • This quiz has been taken 43 times
  • The average score is 8 of 12
Answers on the Grid
Answers color-coded by a green-red scale on the quiz's grid according to % correct below.
Nick Frost
Bill Nighy
Benedict Wong
Ben Stiller
Terence Stamp
Ricky Gervais
Sylvester Stallone
Jamie Foxx
Alden Ehrenreich
Martin Freeman
Wesley Snipes
Megan Fox
Frank Oz
Anya Taylor-Joy
Thomasin McKenzie
Matthew Modine
Woody Harrelson
Chris Evans
Simon Pegg
Margaret Qualley
Seth Green
Michael Cera
Jesse Eisenberg
RZA
Jon Bernthal
Kevin Spacey
Sarah Silverman
Tommy Lee Jones
Steve Buscemi
Uma Thurman
 
Answer Stats
Answer % Correct
Nick Frost
95%
Anya Taylor-Joy
82%
Bill Nighy
82%
Simon Pegg
82%
Michael Cera
73%
Chris Evans
68%
Thomasin McKenzie
64%
Kevin Spacey
59%
Martin Freeman
59%
Jamie Foxx
55%
Jon Bernthal
50%
Terence Stamp
50%
No matching quizzes found
Score Distribution
Percent of People with Each Score
Percentile by Number Answered
Your Score History
You have not taken this quiz